| 000 | 00762cam a2200241 4500 | ||
|---|---|---|---|
| 001 | M85842 | ||
| 008 | 090401t1997 xxu||||| |||| 00| 0 eng d | ||
| 035 | _a(Sirsi) u80260 | ||
| 041 | _aeng | ||
| 050 | _a658.1552 | ||
| 110 |
_aRoyal Institution of Chartered Surveyors _94900 |
||
| 245 | _a[Draft] practice pamphlet : project cost planning and cost control. | ||
| 260 |
_aLondon _bRICS _c1997 |
||
| 300 | _aca.50p. ; 30cm. | ||
| 350 | _a0 | ||
| 520 | _aDraft document for consultation. Final version published as part of the "Surveyors' construction handbook" (ISBN 0854068651). | ||
| 650 | _aCOST CONTROL | ||
| 650 | _aCOST PLANNING | ||
| 650 | _aDRAFT GUIDANCE | ||
| 690 | _aBUILT ENVIRONMENT-BUILDING COSTS | ||
| 942 | _n0 | ||
| 948 | _c14/08/1997 | ||
| 999 |
_c96611 _d96611 |
||